01010cam a22002651 4500001001300000003000400013005001700017008004100034010001700075035001900092040002600111042001200137050001900149082001400168100003400182245013600216250001200352260006700364300008600431500010300517504003000620650002400650700003500674700003500709sg 46000284 DLC20260227112750.0750905s1946 xx 000 0 eng  asg 46000284  a(OCoLC)1599732 aDLCcFMUdOClW-HdDLC apremarc00aRJ47b.J4 1946 a618.920731 aJeans, Philip Charles,d1883-10aEssentials of pediatrics,cby Philip C. Jeans...Winifred Rand...[and] Florence G. Blake...86 illustrations and 9 subjects in color. a4th ed. aPhiladelphia,bMontreal [etc.] J.B. Lippincott companyc[1946] axvi, 627 p.bincl. front., illus., diagrs. plates (part col., part fold.)c21 cm. aPrevious editions, by Philip C. Jeans, published under title: Essentials of pediatrics for nurses. aBibliography: p. 591-596. 0aChildrenxDiseases.1 aRand, Winifred,ejoint author.1 aBlake, Florenceejoint author.